| Record ID | marc_records_scriblio_net/part09.dat:67929634:635 |
| Source | Scriblio |
| Download Link | /show-records/marc_records_scriblio_net/part09.dat:67929634:635?format=raw |
LEADER: 00635cam 2200193 i 4500
001 75901698 //r832
003 DLC
005 19831114000000.0
008 760303s1970 ii s 00010 eng
010 $a 75901698 //r832
043 $aa-ii---
050 0 $aHA1728.A5$bA5 1970a
082 $a315.4/84
110 10 $aAndhra Pradesh (India).$bBureau of Economics and Statistics.
245 10 $aBasic taluk statistics, Andhra Pradesh, 1969.
260 0 $aHyderabad :$bIssued by Bureau of Economics and Statistics, Govt. of Andhra Pradesh,$c[1970]
300 $a70 p. ;$c28 cm.
500 $aCover title.
651 0 $aAndhra Pradesh (India)$xStatistics.